Sofinka Neplechová ; Karlík Nezbedník : knížka pro tvrdohlavé děti a jejich zoufalé rodiče /

Hlavní autor: Valentová, Veronika, 1974-2026
Další autoři: Valentová, Klára, Valentová, Veronika, 1974-, Valentová, Veronika, 1974-
Jazyk: Čeština
Vydáno: V Brně : Edika, 2017
Vydání: 1. vydání
Témata:
Fyzický popis: 51, 53 stran : barevné ilustrace ; 20 cm
Knihy
Uloženo v:
LEADER 01789nam a2200481 i 4500
001 nkc20172956874
003 CZ PrNK
005 20171213143434.0
007 ta
008 171124s2017 xr a a 000 j cze
015 |a cnb002956874 
020 |a 978-80-266-1193-6  |q (vázáno) :  |c Kč 249,00 
035 |a (OCoLC)1019641004 
040 |a BOA001  |b cze  |e rda 
072 7 |a 821.162.3-3  |x Česká próza  |2 Konspekt  |9 25 
072 7 |a 821-93  |x Literatura pro děti a mládež (beletrie)  |2 Konspekt  |9 26 
080 |a 821.162.3-32  |2 MRF 
080 |a 821-93  |2 MRF 
080 |a (0:82-32)  |2 MRF 
100 1 |a Valentová, Veronika,  |d 1974-2026  |7 xx0041842  |4 aut 
245 1 0 |a Sofinka Neplechová ;  |b Karlík Nezbedník : knížka pro tvrdohlavé děti a jejich zoufalé rodiče /  |c Veronika Valentová ; ilustrovala Klára Valentová 
250 |a 1. vydání 
264 1 |a V Brně :  |b Edika,  |c 2017 
300 |a 51, 53 stran :  |b barevné ilustrace ;  |c 20 cm 
336 |a text  |b txt  |2 rdacontent 
336 |a statický obraz  |b sti  |2 rdacontent 
337 |a bez média  |b n  |2 rdamedia 
338 |a svazek  |b nc  |2 rdacarrier 
500 |a Druhé dílo tištěno zvratmo 
521 8 |a Pro děti od 3 let 
655 7 |a české příběhy  |7 fd133973  |2 czenas 
655 7 |a publikace pro děti  |7 fd133156  |2 czenas 
655 9 |a Czech stories  |2 eczenas 
655 9 |a children's literature  |2 eczenas 
700 1 |a Valentová, Klára  |4 ill 
700 1 2 |a Valentová, Veronika,  |d 1974-  |t Sofinka Neplechová 
700 1 2 |a Valentová, Veronika,  |d 1974-  |t Karlík Nezbedník 
910 2 |a BOA001  |b 1-1397.778 
928 9 |a Albatros Media - Edika 
990 |a BK 
995 |a 01 
991 |b 201712  |c NOV 
996 6 |b 2610727086  |c 1-1397.778  |l MZK  |r Sklad / do 1 hodiny  |n 0  |p p.v.  |w 001642375  |u 000010  |a 1  |e BOA001  |j MZK50  |s P